[Event "Hamburg Harburg 11th B"]
[Site "Hamburg"]
[Date "2016.10.01"]
[Round "2.2"]
[White "Lebiedz, Oliver"]
[Black "Woelk, Tom Frederic"]
[Result "1-0"]
[WhiteElo "1876"]
[BlackElo "1983"]
[PlyCount "37"]
[EventDate "2016.10.03"]
[EventType "swiss"]
[EventRounds "5"]
[EventCountry "GER"]
[SourceDate "2016.10.01"]
[WhiteTeam "SK Springer Rotenburg"]
[BlackTeam "SC Diogenes e.V."]

1. e4 c5 2. Nf3 d6 3. d4 cxd4 4. Nxd4 Nf6 5. Nc3 a6 6. Bg5 e6 7. f4 Be7 8. Qf3
Nbd7 9. O-O-O Qc7 10. g4 b5 11. Bxf6 Nxf6 12. g5 Nd7 13. Rg1 Bb7 14. Qh3 b4 15.
g6 bxc3 16. gxf7+ Kxf7 17. Rxg7+ Ke8 18. Qh5+ Kd8 19. Nxe6+ 1-0

[Event "Hamburg Harburg 11th B"]
[Site "Hamburg"]
[Date "2016.10.01"]
[Round "2.4"]
[White "Gremmel, Jonas Simon"]
[Black "Schwarzkopf, Joerg"]
[Result "1/2-1/2"]
[WhiteElo "1814"]
[BlackElo "1815"]
[PlyCount "59"]
[EventDate "2016.10.03"]
[EventType "swiss"]
[EventRounds "5"]
[EventCountry "GER"]
[SourceDate "2016.10.01"]
[WhiteTeam "Schachfreunde HH"]
[BlackTeam "TV Fischbek"]

1. d4 Nf6 2. Nf3 c5 3. c3 e6 4. Bf4 Nc6 5. e3 d5 6. Bd3 Qb6 7. Qc2 Bd7 8. Nbd2
Rc8 9. a3 c4 10. Be2 Na5 11. Rc1 Be7 12. O-O Nb3 13. Nxb3 Ba4 14. Qb1 Bxb3 15.
Nd2 Ba4 16. Rfe1 O-O 17. Bf3 Rfe8 18. e4 h6 19. Re2 dxe4 20. Nxe4 Nxe4 21. Bxe4
Bc6 22. Rce1 Bf6 23. Bc1 Rcd8 24. Qc2 Qb5 25. Qd2 a5 26. f4 Bxe4 27. Rxe4 Qh5
28. Qf2 Kf8 29. R1e2 b5 30. h3 1/2-1/2

[Event "Hamburg Harburg 11th B"]
[Site "Hamburg"]
[Date "2016.10.02"]
[Round "3.1"]
[White "Rudolph, Jens Erik"]
[Black "Lebiedz, Oliver"]
[Result "0-1"]
[WhiteElo "1946"]
[BlackElo "1876"]
[PlyCount "72"]
[EventDate "2016.10.03"]
[EventType "swiss"]
[EventRounds "5"]
[EventCountry "GER"]
[SourceDate "2016.10.01"]
[WhiteTeam "Barmbeker SK"]
[BlackTeam "SK Springer Rotenburg"]

1. e4 Nc6 2. Nf3 f5 3. Nc3 fxe4 4. Nxe4 d5 5. Ng3 e5 6. Bb5 Bd6 7. Bxc6+ bxc6
8. Nxe5 Qf6 9. Nf3 Ne7 10. O-O O-O 11. d4 h6 12. Qd3 c5 13. Be3 Bxg3 14. hxg3
Ba6 15. Qa3 Bxf1 16. Rxf1 c4 17. Bf4 Nf5 18. Qc5 Rfd8 19. Re1 Qb6 20. Qxc7 Qxc7
21. Bxc7 Rd7 22. Be5 a5 23. c3 a4 24. g4 Nd6 25. a3 Ne4 26. Bf4 Rb7 27. Bc1
Rab8 28. Nh4 Rxb2 29. Bxb2 Rxb2 30. f3 Nxc3 31. Re8+ Kf7 32. Ra8 Ne2+ 33. Kh2
c3 34. Ra7+ Kg8 35. Nf5 c2 36. Rxg7+ Kf8 0-1

[Event "Hamburg Harburg 11th B"]
[Site "Hamburg"]
[Date "2016.10.02"]
[Round "3.4"]
[White "Gremmel, Jonas Simon"]
[Black "Albers, Andreas"]
[Result "1/2-1/2"]
[WhiteElo "1814"]
[BlackElo "1954"]
[PlyCount "95"]
[EventDate "2016.10.03"]
[EventType "swiss"]
[EventRounds "5"]
[EventCountry "GER"]
[SourceDate "2016.10.01"]
[WhiteTeam "Schachfreunde HH"]
[BlackTeam "Hamburger SK"]

1. d4 Nf6 2. Nf3 g6 3. c4 Bg7 4. Nc3 d5 5. Bf4 c5 6. e3 O-O 7. Be2 dxc4 8. dxc5
Qa5 9. O-O Qxc5 10. Qa4 Bd7 11. Qxc4 Qxc4 12. Bxc4 Nh5 13. Be5 Nc6 14. Bxg7
Nxg7 15. a3 Be6 16. Bb5 Rac8 17. Rac1 Nf5 18. Ng5 Bb3 19. Nge4 a6 20. Ba4 Bc4
21. Rfd1 b5 22. Bc2 Ne5 23. b3 Be6 24. Ne2 Rxc2 25. Rxc2 Bxb3 26. Rcd2 Bxd1 27.
Rxd1 Rc8 28. N4c3 Nd6 29. a4 Kf8 30. Nd5 Nec4 31. Rb1 e6 32. Ndc3 Rb8 33. Nd4
Nd2 34. Rb2 Rc8 35. Na2 N6c4 36. Rb4 e5 37. Ne2 Nd6 38. Nac3 bxa4 39. Rxa4 Rc6
40. h3 N2c4 41. Nd5 Rc5 42. Nf6 Ke7 43. Nxh7 a5 44. Ng5 Nb6 45. Ra2 a4 46. Nf3
Nb5 47. g4 a3 48. Nd2 1/2-1/2

[Event "Hamburg Harburg 11th B"]
[Site "Hamburg"]
[Date "2016.10.02"]
[Round "3.2"]
[White "Woelk, Tom Frederic"]
[Black "Schoettker, Jochen"]
[Result "1-0"]
[WhiteElo "1983"]
[BlackElo "1853"]
[PlyCount "27"]
[EventDate "2016.10.03"]
[EventType "swiss"]
[EventRounds "5"]
[EventCountry "GER"]
[SourceDate "2016.10.01"]
[WhiteTeam "SC Diogenes e.V."]
[BlackTeam "SC Schwarz-WeiÃŸ Northeim"]

1. e4 e6 2. d4 d5 3. Nc3 Bb4 4. e5 c5 5. a3 Bxc3+ 6. bxc3 Qc7 7. Qg4 f6 8. Bb5+
Kf8 9. dxc5 Qxe5+ (9... Qxc5 10. Qb4 Qxb4 11. cxb4 fxe5 12. Nf3) 10. Ne2 h5 11.
Qg6 Bd7 12. Bf4 Qf5 13. Bd6+ Ne7 14. Bxe7+ 1-0

[Event "Hamburg Harburg 11th B"]
[Site "Hamburg"]
[Date "2016.10.02"]
[Round "3.3"]
[White "Schwarzkopf, Joerg"]
[Black "Seidemann, Richard"]
[Result "1-0"]
[WhiteElo "1815"]
[BlackElo "1061"]
[PlyCount "47"]
[EventDate "2016.10.03"]
[EventType "swiss"]
[EventRounds "5"]
[EventCountry "GER"]
[SourceDate "2016.10.01"]
[WhiteTeam "TV Fischbek"]
[BlackTeam "SF Heidelberg"]

1. e4 e5 2. f4 d6 3. Nf3 Nf6 4. Nc3 Nc6 5. Bb5 Bd7 6. O-O exf4 7. d4 a6 8. Bxc6
Bxc6 9. d5 Bb5 10. Nxb5 axb5 11. Qd3 c6 12. Bxf4 g6 13. a3 Qb6+ 14. Be3 c5 15.
e5 dxe5 16. Nxe5 c4 17. Bxb6 cxd3 18. Nxd3 Nxd5 19. Rae1+ Kd7 20. Rxf7+ Kc6 21.
Re6+ Bd6 22. Bc5 Rad8 23. b4 Rhe8 24. Ne5# 1-0

[Event "Hamburg Harburg 11th B"]
[Site "Hamburg"]
[Date "2016.10.02"]
[Round "3.5"]
[White "Lochmann, Viktor"]
[Black "Baldauf, Karsten"]
[Result "1/2-1/2"]
[WhiteElo "1701"]
[BlackElo "1654"]
[PlyCount "92"]
[EventDate "2016.10.03"]
[EventType "swiss"]
[EventRounds "5"]
[EventCountry "GER"]
[SourceDate "2016.10.01"]
[WhiteTeam "TV Fischbek"]
[BlackTeam "SV Bad Bevensen"]

1. e4 c5 2. Nc3 a6 3. g3 Nc6 4. Bg2 e5 5. d3 d6 6. Nd5 Nge7 7. f4 Be6 8. Nc3 g6
9. fxe5 Nxe5 10. Nf3 Bg4 11. O-O Bg7 12. h3 Nxf3+ 13. Bxf3 Bxh3 14. Bg2 Qd7 15.
Qf3 O-O 16. Ne2 Bxg2 17. Kxg2 Nc6 18. c3 Rae8 19. Nf4 f5 20. Qe2 fxe4 21. dxe4
Ne5 22. Be3 Nf7 23. Qd3 Qb5 24. Qc2 Qc4 25. Nd5 Qxe4+ 26. Qxe4 Rxe4 27. Rad1
Re6 28. Rfe1 g5 29. Bf2 Rxe1 30. Bxe1 Re8 31. Kf1 Kf8 32. a4 Re4 33. b3 Ke8 34.
Kf2 Re5 35. g4 Kd7 36. Kf3 b5 37. Ne3 Re6 38. Nf5 Be5 39. axb5 axb5 40. Ra1 Kc6
41. b4 Bf4 42. Bf2 Ne5+ 43. Kg2 Nxg4 44. Bg1 h5 45. bxc5 Ne3+ 46. Bxe3 Rxe3
1/2-1/2

[Event "Hamburg Harburg 11th B"]
[Site "Hamburg"]
[Date "2016.10.02"]
[Round "4.2"]
[White "Rudolph, Jens Erik"]
[Black "Woelk, Tom Frederic"]
[Result "1-0"]
[WhiteElo "1946"]
[BlackElo "1983"]
[PlyCount "73"]
[EventDate "2016.10.03"]
[EventType "swiss"]
[EventRounds "5"]
[EventCountry "GER"]
[SourceDate "2016.10.01"]
[WhiteTeam "Barmbeker SK"]
[BlackTeam "SC Diogenes e.V."]

1. e4 c5 2. Nc3 Nc6 3. f4 g6 4. Nf3 e6 5. a3 Bg7 6. b4 b6 7. e5 d6 8. Bb5 Bd7
9. exd6 a6 10. Bd3 cxb4 11. axb4 Nxb4 12. Be4 Bc6 13. Rb1 Bxe4 14. Nxe4 a5 15.
O-O Nf6 16. Nxf6+ Bxf6 17. Ba3 Nc6 18. d7+ Qxd7 19. Kh1 Rb8 20. d4 Ne7 21. Ne5
Qc7 22. Qf3 Bxe5 23. fxe5 O-O 24. c4 Rb7 25. Qf6 b5 26. Bc1 Nf5 27. Rxf5 Qd8
28. Bh6 Qxf6 29. Rxf6 Rd8 30. cxb5 Rxd4 31. Rff1 Rh4 32. Bg5 Rg4 33. Bf6 Rd4
34. Rfc1 Rb8 35. b6 h5 36. b7 Kh7 37. Rc8 1-0

[Event "Hamburg Harburg 11th B"]
[Site "Hamburg"]
[Date "2016.10.02"]
[Round "4.3"]
[White "Albers, Andreas"]
[Black "Schoettker, Jochen"]
[Result "1/2-1/2"]
[WhiteElo "1954"]
[BlackElo "1853"]
[PlyCount "38"]
[EventDate "2016.10.03"]
[EventType "swiss"]
[EventRounds "5"]
[EventCountry "GER"]
[SourceDate "2016.10.01"]
[WhiteTeam "Hamburger SK"]
[BlackTeam "SC Schwarz-WeiÃŸ Northeim"]

1. e4 e6 2. d4 d5 3. Nc3 Bb4 4. exd5 exd5 5. Bd3 Ne7 6. Nge2 Bg4 7. O-O Nbc6 8.
f3 Bf5 9. a3 Bxc3 10. bxc3 Qd7 11. Rb1 O-O-O 12. Ng3 Rde8 13. Bb5 a6 14. Ba4
Qd6 15. Nxf5 Nxf5 16. Qd3 g6 17. g3 Nxg3 18. hxg3 Qxg3+ 19. Kh1 Qh3+ 1/2-1/2

[Event "Hamburg Harburg 11th B"]
[Site "Hamburg"]
[Date "2016.10.02"]
[Round "4.5"]
[White "Seidemann, Richard"]
[Black "Lochmann, Viktor"]
[Result "0-1"]
[WhiteElo "1061"]
[BlackElo "1701"]
[PlyCount "54"]
[EventDate "2016.10.03"]
[EventType "swiss"]
[EventRounds "5"]
[EventCountry "GER"]
[SourceDate "2016.10.01"]
[WhiteTeam "SF Heidelberg"]
[BlackTeam "TV Fischbek"]

1. d4 Nf6 2. c4 e6 3. Nc3 b6 4. e3 Bb7 5. Nf3 d5 6. cxd5 Nxd5 7. Bd3 Be7 8. e4
Nxc3 9. bxc3 O-O 10. O-O Nd7 11. e5 c5 12. Re1 Rc8 13. Rb1 Qc7 14. Bf4 Rfd8 15.
Ng5 Nf8 16. Re3 cxd4 17. Rh3 g6 18. Nxf7 Kxf7 19. cxd4 Qc6 20. f3 Qc3 21. Be3
Bd5 22. Rc1 Qa3 23. Rxc8 Rxc8 24. Qe2 Rc3 25. Be4 Rxe3 26. f4 Qc1+ 27. Kf2
Rxe2+ 0-1

[Event "Hamburg Harburg 11th B"]
[Site "Hamburg"]
[Date "2016.10.02"]
[Round "4.1"]
[White "Lebiedz, Oliver"]
[Black "Schwarzkopf, Joerg"]
[Result "1/2-1/2"]
[WhiteElo "1876"]
[BlackElo "1815"]
[PlyCount "82"]
[EventDate "2016.10.03"]
[EventType "swiss"]
[EventRounds "5"]
[EventCountry "GER"]
[SourceDate "2016.10.01"]
[WhiteTeam "SK Springer Rotenburg"]
[BlackTeam "TV Fischbek"]

1. e4 c5 2. Nf3 Nc6 3. d4 cxd4 4. Nxd4 Nf6 5. Nc3 e5 6. Nf5 d5 7. exd5 Bxf5 8.
dxc6 bxc6 9. Be3 Qxd1+ 10. Rxd1 Bb4 11. Bd3 Bxd3 12. cxd3 Nd5 13. O-O Bxc3 14.
bxc3 Nxc3 15. Rd2 Nd5 16. Bc5 Kd7 17. Re2 f6 18. Rb2 Rhb8 19. Rc2 Rb5 20. Rfc1
a6 21. a4 Rb3 22. Be3 Nxe3 23. fxe3 Rxd3 24. Rxc6 Ra7 25. Kf2 Rd6 26. R6c4 Ke6
27. Rc7 Rxc7 28. Rxc7 g5 29. Rxh7 Rd2+ 30. Kf3 Ra2 31. Rb7 Rxa4 32. Rb6+ Kf5
33. h3 e4+ 34. Kf2 Ra2+ 35. Kf1 a5 36. Kg1 a4 37. g4+ Kg6 38. Re6 a3 39. Rxe4
Ra1+ 40. Kg2 a2 41. Ra4 Re1 1/2-1/2

[Event "Hamburg Harburg 11th B"]
[Site "Hamburg"]
[Date "2016.10.02"]
[Round "4.4"]
[White "Baldauf, Karsten"]
[Black "Gremmel, Jonas Simon"]
[Result "0-1"]
[WhiteElo "1654"]
[BlackElo "1814"]
[PlyCount "152"]
[EventDate "2016.10.03"]
[EventType "swiss"]
[EventRounds "5"]
[EventCountry "GER"]
[SourceDate "2016.10.01"]
[WhiteTeam "SV Bad Bevensen"]
[BlackTeam "Schachfreunde HH"]

1. c4 c5 2. Nc3 Nc6 3. g3 g6 4. Bg2 d6 5. d3 Bg7 6. e4 e6 7. Nge2 Nge7 8. O-O
O-O 9. Rb1 Nd4 10. Nxd4 Bxd4 11. Ne2 Bg7 12. a3 Qc7 13. b4 Nc6 14. Bb2 e5 15.
Bc1 f5 16. f4 Rb8 17. b5 Ne7 18. Qc2 b6 19. a4 Bb7 20. Bb2 Rbe8 21. Rbe1 Kh8
22. Nc3 Qb8 23. Nd5 Nxd5 24. exd5 exf4 25. Bxg7+ Kxg7 26. Qc3+ Kf7 27. gxf4 Qd8
28. Re6 Bc8 29. Rxe8 Rxe8 30. Re1 Rxe1+ 31. Qxe1 Qf6 32. Qe3 Qa1+ 33. Bf1 Qc3
34. Kf2 Bd7 35. Be2 Qf6 36. Qd2 Qd4+ 37. Qe3 Qxe3+ 38. Kxe3 Kf6 39. Bf1 h6 40.
h3 g5 41. Bg2 Kg6 42. h4 Kh5 43. hxg5 hxg5 44. Kf3 Kh4 45. fxg5 Kxg5 46. Bh3
Be8 47. Bf1 Bh5+ 48. Ke3 Bd1 49. d4 cxd4+ 50. Kxd4 Bxa4 51. Ke3 Bd1 52. Bd3 Kg4
53. Bf1 Kg3 54. Bd3 f4+ 55. Ke4 Bg4 56. Bf1 Bd7 57. Be2 Bg4 58. Bf1 Bc8 59. Bd3
Bh3 60. Be2 Kf2 61. Bd3 f3 62. Kf4 Kg2 63. Be4 Kf2 64. Bxf3 Bf1 65. Bh5 Bxc4
66. Be8 Bxd5 67. Bd7 Bc4 68. Ke4 d5+ 69. Kd4 Ke2 70. Bc6 Kd2 71. Be8 Kc2 72.
Bg6+ Kb3 73. Be8 Kb4 74. Bc6 Ka5 75. Kc3 Ka4 76. Kd4 Kb4 0-1

[Event "Hamburg Harburg 11th B"]
[Site "Hamburg"]
[Date "2016.10.03"]
[Round "5.2"]
[White "Schwarzkopf, Joerg"]
[Black "Rudolph, Jens Erik"]
[Result "1-0"]
[WhiteElo "1815"]
[BlackElo "1946"]
[PlyCount "73"]
[EventDate "2016.10.03"]
[EventType "swiss"]
[EventRounds "5"]
[EventCountry "GER"]
[SourceDate "2016.10.01"]
[WhiteTeam "TV Fischbek"]
[BlackTeam "Barmbeker SK"]

1. Nf3 d6 2. e4 Nf6 3. Nc3 e5 4. d4 Nbd7 5. dxe5 dxe5 6. Bc4 Be7 7. Nd5 Nxe4 8.
Qe2 Nd6 9. Bb3 e4 10. Ng5 c6 11. Nxe7 Qxe7 12. Bf4 O-O 13. O-O-O h6 14. Nf3 Ne8
15. Rhe1 Ndf6 16. Nd2 Bf5 17. f3 Nd5 18. Bg3 e3 19. Bxd5 exd2+ 20. Qxd2 Qc5 21.
Bb3 a5 22. Bf2 Qb5 23. a4 Qa6 24. Bc5 Nf6 25. Bxf8 Rxf8 26. Re5 Bg6 27. Qxa5
Qxa5 28. Rxa5 Re8 29. g4 Re3 30. Rf1 Re2 31. h4 Nd7 32. h5 Bh7 33. Ra8+ Nf8 34.
Kd1 Re7 35. Re1 Rd7+ 36. Kc1 g5 37. Ree8 1-0

[Event "Hamburg Harburg 11th B"]
[Site "Hamburg"]
[Date "2016.10.03"]
[Round "5.3"]
[White "Woelk, Tom Frederic"]
[Black "Albers, Andreas"]
[Result "0-1"]
[WhiteElo "1983"]
[BlackElo "1954"]
[PlyCount "76"]
[EventDate "2016.10.03"]
[EventType "swiss"]
[EventRounds "5"]
[EventCountry "GER"]
[SourceDate "2016.10.01"]
[WhiteTeam "SC Diogenes e.V."]
[BlackTeam "Hamburger SK"]

1. e4 e6 2. d4 d5 3. Nc3 Bb4 4. e5 c5 5. a3 Bxc3+ 6. bxc3 Qa5 7. Bd2 Qa4 8. Qg4
Kf8 9. Nf3 Qxc2 10. dxc5 Nc6 11. Be2 Nge7 12. Qg5 h6 13. Qe3 Qe4 14. Bd3 Qxe3+
15. Bxe3 g5 16. g4 Kg7 17. Ke2 Ng6 18. Bxg6 (18. Bd4 Nf4+ 19. Ke3 {[%csl Gc8]})
18... fxg6 19. Rab1 Na5 20. Nd2 Bd7 21. Rb4 Bc6 22. Rf1 Rhf8 23. Rfb1 Rf7 24.
Rc1 Raf8 25. Rg1 Kh7 26. Rg3 Be8 27. a4 Nc6 28. Rb2 Nxe5 29. Bd4 Nc6 30. Rf3 e5
31. Be3 d4 32. cxd4 exd4 33. Rxb7 dxe3 34. fxe3 Kg7 35. Rfxf7+ Rxf7 36. Rb3 Re7
37. Rd3 Ne5 38. Rd4 Bc6 {ZÃo} 0-1

[Event "Hamburg Harburg 11th B"]
[Site "Hamburg"]
[Date "2016.10.03"]
[Round "5.1"]
[White "Schoettker, Jochen"]
[Black "Lebiedz, Oliver"]
[Result "0-1"]
[WhiteElo "1853"]
[BlackElo "1876"]
[PlyCount "78"]
[EventDate "2016.10.03"]
[EventType "swiss"]
[EventRounds "5"]
[EventCountry "GER"]
[SourceDate "2016.10.01"]
[WhiteTeam "SC Schwarz-WeiÃŸ Northeim"]
[BlackTeam "SK Springer Rotenburg"]

1. Nf3 Nf6 2. g3 c6 3. Bg2 d5 4. O-O Bf5 5. d3 Nbd7 6. c4 e5 7. b3 Bd6 8. Ba3
Qe7 9. Bxd6 Qxd6 10. Nbd2 O-O 11. Re1 d4 12. Qc2 h6 13. a3 Rae8 14. b4 b6 15.
c5 bxc5 16. bxc5 Nxc5 17. Rec1 Nfd7 18. Nc4 Qc7 19. Rab1 e4 20. Nxd4 exd3 21.
Qd2 Bg6 22. exd3 Bxd3 23. Rb2 Be4 24. Bxe4 Nxe4 25. Qc2 c5 26. Nb5 Qc6 27. Nxa7
Qa8 28. Nb5 Ng5 29. f3 Nxf3+ 30. Kf2 Nxh2 31. Qd1 Ne5 32. Nbd6 Re6 33. Nb7 Nxc4
34. Rxc4 Qxa3 35. Qb3 Qa1 36. Rb1 Qe5 37. Qd3 Ra8 38. Nxc5 Ra2+ 39. Kg1 Qe1+
0-1

[Event "Hamburg Harburg 11th B"]
[Site "Hamburg"]
[Date "2016.10.03"]
[Round "5.5"]
[White "Baldauf, Karsten"]
[Black "Seidemann, Richard"]
[Result "1-0"]
[WhiteElo "1654"]
[BlackElo "1061"]
[PlyCount "33"]
[EventDate "2016.10.03"]
[EventType "swiss"]
[EventRounds "5"]
[EventCountry "GER"]
[SourceDate "2016.10.01"]
[WhiteTeam "SV Bad Bevensen"]
[BlackTeam "SF Heidelberg"]

1. c4 c5 2. Nc3 Nc6 3. g3 Nf6 4. Bg2 e5 5. e3 d6 6. Nge2 Be7 7. O-O O-O 8. d4
exd4 9. exd4 Nxd4 10. Nxd4 cxd4 11. Qxd4 Rb8 12. Qxa7 Qc7 13. b3 Be6 14. Qd4
Rfd8 15. Bb2 Qc5 16. Nd5 Nxd5 17. Qxg7# 1-0

[Event "Hamburg Harburg 11th B"]
[Site "Hamburg"]
[Date "2016.10.03"]
[Round "5.4"]
[White "Lochmann, Viktor"]
[Black "Gremmel, Jonas Simon"]
[Result "0-1"]
[WhiteElo "1701"]
[BlackElo "1814"]
[PlyCount "126"]
[EventDate "2016.10.03"]
[EventType "swiss"]
[EventRounds "5"]
[EventCountry "GER"]
[SourceDate "2016.10.01"]
[WhiteTeam "TV Fischbek"]
[BlackTeam "Schachfreunde HH"]

1. e4 e5 2. Nf3 Nc6 3. Bc4 Bc5 4. O-O Nf6 5. d3 h6 6. c3 d6 7. Re1 O-O 8. d4
exd4 9. cxd4 Bb6 10. Nc3 Bg4 11. e5 dxe5 12. dxe5 Qxd1 13. Nxd1 Nd7 14. e6 Bxe6
15. Bxe6 fxe6 16. Rxe6 Nc5 17. Rg6 Kh7 18. Rg4 Nd3 19. Be3 Rae8 20. Bxb6 axb6
21. b3 Ne1 22. Ne3 Nxf3+ 23. gxf3 Rxf3 24. Rg3 Rf7 25. Rd1 Ref8 26. Rd2 Ne5 27.
Kg2 c6 28. Nd1 Nd7 29. Nc3 Nc5 30. f3 Re8 31. Kf2 b5 32. Re2 Rd8 33. Ne4 Nxe4+
34. Rxe4 Rd2+ 35. Re2 Rd4 36. Ke3 Rh4 37. Rc2 Re7+ 38. Kd3 Rh5 39. Rcg2 Rd5+
40. Kc2 Rd4 41. Rg4 Rxg4 42. fxg4 Re3 43. h4 Kg6 44. Rd2 Kf6 45. Rd7 Re7 46.
g5+ hxg5 47. hxg5+ Ke6 48. Rd1 Kf5 49. Rg1 Re6 50. Kc3 b6 51. Rg3 Rg6 52. b4
Rxg5 53. Rd3 Ke6 54. Re3+ Re5 55. Rh3 g6 56. Rh8 Kf5 57. Rb8 Re6 58. Rxb6 g5
59. Rb8 g4 60. Kd4 Re4+ 61. Kc5 Rc4+ 62. Kb6 Ke4 63. Rg8 Kf3 0-1

[Event "Hamburg Harburg 11th Einladungsturnier"]
[Site "Hamburg"]
[Date "2016.10.01"]
[Round "1.1"]
[White "Ramme, Christoph"]
[Black "Parvanyan, Ashot"]
[Result "0-1"]
[WhiteElo "2158"]
[BlackElo "2262"]
[PlyCount "114"]
[EventDate "2016.10.03"]
[EventType "tourn"]
[EventRounds "5"]
[EventCountry "GER"]
[SourceDate "2016.10.01"]
[WhiteTeam "SK Marmstorf GW Harburg"]
[BlackTeam "SC Agon NeumÃ¼nster"]

1. d4 Nf6 2. Nf3 g6 3. c4 Bg7 4. Nc3 O-O 5. e4 d6 6. Be2 Bg4 7. O-O Nfd7 8. Be3
Nc6 9. d5 Bxf3 10. Bxf3 Na5 11. Be2 Bxc3 12. bxc3 e5 13. dxe6 fxe6 14. f4 Qe7
15. Qd4 Nc5 16. Rae1 Nc6 17. Qd1 Nxe4 18. Qb1 Nxc3 19. Qxb7 Nxe2+ 20. Rxe2 Qd7
21. Qb3 Rf5 22. Qd3 Raf8 23. Rfe1 Qf7 24. Qe4 Ne5 25. h3 Nd7 26. Rf2 e5 27.
Ref1 exf4 28. Rxf4 Ne5 29. c5 Qc4 30. Qxc4+ Nxc4 31. Rxf5 gxf5 32. Bh6 Rf6 33.
Bg5 Rf7 34. Rc1 d5 35. c6 f4 36. Rf1 Ne5 37. Rxf4 Nxc6 38. Rxf7 Kxf7 39. Bf4
Nb4 40. Bxc7 Nxa2 41. Kf2 Nb4 42. Ke3 Nc6 43. Bd6 Ke6 44. Bc5 Ke5 45. g4 d4+
46. Kf3 Kd5 47. Ba3 Ne5+ 48. Kf4 Nc4 49. Bc1 d3 50. g5 Ke6 51. h4 d2 52. Bxd2
Nxd2 53. h5 Nc4 54. g6 h6 55. Ke4 Kf6 56. Kd5 Ne5 57. Kc5 Nxg6 0-1

[Event "Hamburg Harburg 11th Einladungsturnier"]
[Site "Hamburg"]
[Date "2016.10.01"]
[Round "1.3"]
[White "Reddmann, Hauke"]
[Black "Lenhardt, Manfred"]
[Result "1/2-1/2"]
[WhiteElo "2224"]
[BlackElo "2148"]
[PlyCount "96"]
[EventDate "2016.10.03"]
[EventType "tourn"]
[EventRounds "5"]
[EventCountry "GER"]
[SourceDate "2016.10.01"]
[WhiteTeam "SK Wilhelmsburg 1936 eV"]
[BlackTeam "SC Weisse Dame Berlin"]

1. d4 d5 2. Bf4 Nf6 3. e3 c6 4. c4 Bf5 5. Nc3 dxc4 6. Bxc4 e6 7. Nf3 Be7 8. h3
h6 9. Qe2 Nbd7 10. e4 Bh7 11. a3 O-O 12. O-O Re8 13. Rfd1 b5 14. Bd3 a5 15.
Rac1 Qb6 16. Qe3 Bf8 17. Ne5 Nxe5 18. dxe5 Qxe3 19. Bxe3 b4 20. exf6 bxc3 21.
Rxc3 Rab8 22. Rd2 gxf6 23. Rxc6 Red8 24. f3 Rb3 25. Bf1 Rxd2 26. Bxd2 Rxb2 27.
Bxa5 Bxa3 28. Bc3 Rc2 29. Rc8+ Bf8 30. Bd3 Rc1+ 31. Kf2 e5 32. Rxf8+ Kxf8 33.
Bd2 Ra1 34. Bxh6+ Ke7 35. g4 Ra3 36. Bf1 Ra2+ 37. Be2 f5 38. exf5 f6 39. Be3
Kf8 40. Bc5+ Kg7 41. Ke3 Ra5 42. Bb4 Ra4 43. Bc3 Bg8 44. h4 Ra3 45. Kd3 Bd5 46.
Bd1 Bb3 47. Bb2 Ra2 48. Bxb3 Rxb2 1/2-1/2

[Event "Hamburg Harburg 11th Einladungsturnier"]
[Site "Hamburg"]
[Date "2016.10.01"]
[Round "1.2"]
[White "Mueller, Tobias"]
[Black "Mueller, Jan Hendrik"]
[Result "1/2-1/2"]
[WhiteElo "2131"]
[BlackElo "2103"]
[PlyCount "40"]
[EventDate "2016.10.03"]
[EventType "tourn"]
[EventRounds "5"]
[EventCountry "GER"]
[SourceDate "2016.10.01"]
[WhiteTeam "SK Marmstorf GW Harburg"]
[BlackTeam "SK Marmstorf GW Harburg"]

1. c4 c5 2. g3 g6 3. Bg2 Bg7 4. Nc3 Nc6 5. a3 a5 6. Rb1 Nf6 7. d3 d6 8. Nf3 O-O
9. Bd2 Bd7 10. O-O Ne8 11. Ne1 Rb8 12. Nc2 Nc7 13. b4 axb4 14. axb4 Nxb4 15.
Nxb4 cxb4 16. Rxb4 b5 17. cxb5 Nxb5 18. Nxb5 Rxb5 19. Rxb5 Bxb5 20. Qb3 Qd7
1/2-1/2

[Event "Hamburg Harburg 11th Einladungsturnier"]
[Site "Hamburg"]
[Date "2016.10.01"]
[Round "2.2"]
[White "Reddmann, Hauke"]
[Black "Parvanyan, Ashot"]
[Result "1/2-1/2"]
[WhiteElo "2224"]
[BlackElo "2262"]
[PlyCount "42"]
[EventDate "2016.10.03"]
[EventType "tourn"]
[EventRounds "5"]
[EventCountry "GER"]
[SourceDate "2016.10.01"]
[WhiteTeam "SK Wilhelmsburg 1936 eV"]
[BlackTeam "SC Agon NeumÃ¼nster"]

1. d4 Nf6 2. Bg5 e6 3. e4 d5 4. e5 h6 5. Be3 Nfd7 6. c3 c5 7. f4 Be7 8. Qd2 b6
9. b4 cxb4 10. cxb4 b5 11. Bxb5 Qb6 12. Nc3 Bxb4 13. Nge2 Ba6 14. a4 Bxb5 15.
axb5 f5 16. O-O Qb7 17. Rfb1 Bxc3 18. Nxc3 Nb6 19. Qd3 O-O 20. Bc1 Rc8 21. Na4
N8d7 1/2-1/2

[Event "Hamburg Harburg 11th Einladungsturnier"]
[Site "Hamburg"]
[Date "2016.10.01"]
[Round "2.3"]
[White "Lenhardt, Manfred"]
[Black "Mueller, Jan Hendrik"]
[Result "1-0"]
[WhiteElo "2148"]
[BlackElo "2103"]
[PlyCount "65"]
[EventDate "2016.10.03"]
[EventType "tourn"]
[EventRounds "5"]
[EventCountry "GER"]
[SourceDate "2016.10.01"]
[WhiteTeam "SC Weisse Dame Berlin"]
[BlackTeam "SK Marmstorf GW Harburg"]

1. d4 e6 2. c4 Nf6 3. Nf3 Bb4+ 4. Nbd2 O-O 5. g3 d5 6. Qc2 c6 7. Bg2 b6 8. O-O
Bb7 9. a3 Be7 10. b3 Nbd7 11. Bb2 Rc8 12. Rac1 dxc4 13. Nxc4 c5 14. dxc5 Bxc5
15. Qb1 b5 16. Nce5 Qe7 17. b4 Bb6 18. Ng5 Rxc1 19. Rxc1 Nxe5 20. Bxe5 Bxf2+
21. Kh1 Bxg2+ 22. Kxg2 Qb7+ 23. Kxf2 Ng4+ 24. Kg1 Qb6+ 25. Rc5 g6 26. Nf3 f6
27. Bc7 Qb7 28. Qd3 Ne5 29. Bxe5 fxe5 30. Qd6 Rxf3 31. exf3 Qxf3 32. Qxe6+ Kg7
33. Qxe5+ 1-0

[Event "Hamburg Harburg 11th Einladungsturnier"]
[Site "Hamburg"]
[Date "2016.10.01"]
[Round "2.1"]
[White "Ramme, Christoph"]
[Black "Mueller, Tobias"]
[Result "1/2-1/2"]
[WhiteElo "2158"]
[BlackElo "2131"]
[PlyCount "41"]
[EventDate "2016.10.03"]
[EventType "tourn"]
[EventRounds "5"]
[EventCountry "GER"]
[SourceDate "2016.10.01"]
[WhiteTeam "SK Marmstorf GW Harburg"]
[BlackTeam "SK Marmstorf GW Harburg"]

1. d4 d5 2. c4 c6 3. Nf3 Nf6 4. Nc3 e6 5. Bg5 Be7 6. e3 O-O 7. Bd3 Nbd7 8. O-O
h6 9. Bh4 b6 10. cxd5 Nxd5 11. Bxe7 Qxe7 12. Nxd5 exd5 13. Rc1 Bb7 14. Bb1 c5
15. Qd3 g6 16. b3 a5 17. Rfd1 a4 18. Bc2 axb3 19. axb3 Ra3 20. Ra1 Rfa8 21. Qc3
1/2-1/2

[Event "Hamburg Harburg 11th Einladungsturnier"]
[Site "Hamburg"]
[Date "2016.10.02"]
[Round "3.2"]
[White "Parvanyan, Ashot"]
[Black "Lenhardt, Manfred"]
[Result "1-0"]
[WhiteElo "2262"]
[BlackElo "2148"]
[PlyCount "55"]
[EventDate "2016.10.03"]
[EventType "tourn"]
[EventRounds "5"]
[EventCountry "GER"]
[SourceDate "2016.10.01"]
[WhiteTeam "SC Agon NeumÃ¼nster"]
[BlackTeam "SC Weisse Dame Berlin"]

1. Nf3 d5 2. g3 Nf6 3. Bg2 e6 4. O-O Be7 5. c4 O-O 6. b3 c5 7. Bb2 Nc6 8. cxd5
Nxd5 9. d4 Bd7 10. e4 Nb6 11. dxc5 Bxc5 12. Qe2 Rc8 13. Rd1 Qe7 14. e5 Rfd8 15.
Nc3 Be8 16. Ne4 Rxd1+ 17. Rxd1 Nd5 18. Nxc5 Qxc5 19. Ng5 h6 20. Ne4 Qa5 21. Nd6
Rb8 22. Bxd5 exd5 23. e6 Qc5 24. Nxe8 Rxe8 25. exf7+ Kxf7 26. Qh5+ g6 27. Qf3+
Kg8 28. Qf6 {ZÃo} 1-0